| 000 | 00606nam a22001697a 4500 | ||
|---|---|---|---|
| 003 | OSt | ||
| 005 | 20171010095506.0 | ||
| 008 | 120808t xxu||||| |||| 00| 0 eng d | ||
| 040 |
_aMMSU _cULS |
||
| 100 |
_aParado, Beatriz T. _911931 |
||
| 245 |
_aCareer choices and problems of fourth year high school students of Mariano Marcos State University Dingras extension _cBeatriz T. Parado |
||
| 260 | _c1979 | ||
| 300 |
_axvii, 103 leaves _c28 cm. |
||
| 500 | _aThesis (MA Education) -- Northern Christian College-Graduate Studies, Laoag City | ||
| 504 | _aBibliography: leaves 77-79 | ||
| 942 |
_2ddc _cTHEDIS |
||
| 999 |
_c9683 _d9683 |
||